Loading...
| Fine Arts - Classical Music | 0 | 5 | 1 | 1 | 45 | 101 | 110.20 | 0 | 1 | 1.40 | 16.81 |
| Painting/Sculpture | 0 | 3 | 0 | 1 | 30 | 58 | 89.00 | 1 | 1 | 6.12 | 17.78 |
| Religion | 0 | 3 | 0 | 0 | 30 | 58 | 81.33 | 0 | 1 | 8.16 | 14.31 |
| History - Other | 0 | 2 | 0 | 0 | 20 | 74 | 93.00 | 0 | 1 | 3.54 | 11.11 |
| Literature - American | 0 | 2 | 0 | 1 | 20 | 95 | 105.50 | 0 | 0 | 0.87 | 6.67 |
| Fine Arts - Other | 0 | 2 | 1 | 1 | 15 | 74 | 93.00 | 0 | 0 | 3.68 | 6.67 |
| Mythology | 0 | 1 | 0 | 0 | 10 | 98 | 98.00 | 0 | 1 | 2.16 | 6.67 |
| Philosophy | 0 | 1 | 0 | 0 | 10 | 117 | 117.00 | 0 | 0 | 0.36 | 4.76 |
| Pop Culture | 0 | 1 | 0 | 0 | 10 | 74 | 74.00 | 0 | 1 | 7.35 | 15.56 |
| Science - Biology | 0 | 1 | 0 | 1 | 10 | 87 | 87.00 | 0 | 0 | 1.12 | 2.50 |
| Current Events | 0 | 1 | 0 | 0 | 10 | 59 | 59.00 | 0 | 0 | 8.87 | 4.44 |
| Science - Chemistry | 0 | 1 | 0 | 0 | 10 | 85 | 85.00 | 0 | 0 | 1.24 | 1.11 |
| History - American | 0 | 1 | 0 | 0 | 10 | 68 | 68.00 | 0 | 0 | 3.64 | 2.22 |
| History - European | 0 | 1 | 0 | 1 | 10 | 117 | 117.00 | 0 | 0 | 0.08 | 3.33 |
| Literature - British | 0 | 1 | 0 | 1 | 10 | 112 | 112.00 | 1 | 1 | 0.51 | 8.89 |
| Literature - European | 0 | 1 | 0 | 0 | 10 | 104 | 104.00 | 0 | 0 | 1.68 | 3.75 |
| Literature - World | 0 | 1 | 0 | 0 | 10 | 91 | 91.00 | 0 | 0 | 1.88 | 5.56 |